Statistics for Multiple Choice: Who Directed that Movie? #6

Click here to take the quiz!

General Stats

  • This quiz has been taken 274 times
  • The average score is 6 of 12

Answer Stats

QuestionAnswer% Correct
The Matrix (1999)The Wachowskis
82%
Mission: Impossible (1996)Brian de Palma
70%
Home Alone (1990)Chris Columbus
59%
Singin' in the Rain (1952)Gene Kelly & Stanley Donen
59%
Suspiria (1977)Dario Argento
51%
Blade Runner 2049 (2017)Denis Villeneuve
49%
Tokyo Story (1953)Yasujiro Ozu
45%
The Gospel According to St. Matthew (1964)Pier Paolo Pasolini
44%
In the Mood for Love (2000)Wong Kar-wai
44%
Django (1966)Sergio Corbucci
40%
Run Lola Run (1998)Tom Tykwer
36%
Shane (1953)George Stevens
26%

Score Distribution

Percentile by Number Answered

Percent of People with Each Score

Your Score History

You have not taken this quiz